Flagi Afryki - Statystyki

Ogólne statystyki
  • Ten quiz został rozwiązany 15 razy
  • Średni wynik to 33 z 64
Statystyki odpowiedzi
Obrazkowy Odpowiedź % Poprawnych
Mali
80%
Republika Południowej Afryki
80%
Zambia
80%
Czad
73%
Kamerun
73%
Maroko
73%
Niger
73%
Gabon
67%
Ghana
67%
Kenia
67%
Lesotho
67%
Liberia
67%
Libia
67%
Nigeria
67%
Senegal
67%
Tanzania
67%
Uganda
67%
Angola
60%
Egipt
60%
Etiopia
60%
Gwinea Równikowa
60%
Kongo
60%
Madagaskar
60%
Malawi
60%
Mauretania
60%
Republika Środkowoafrykańska
60%
Somalia
60%
Togo
60%
Tunezja
60%
Wybrzeże Kości Słoniowej
60%
Algeria
53%
Demokratyczna Republika Konga
53%
Eswatini
53%
Gwinea
53%
Gwinea-Bissau
53%
Komory
53%
Republika Zielonego Przylądka
53%
Sudan Południowy
53%
Zimbabwe
53%
Benin
47%
Botswana
47%
Burkina Faso
47%
Dżibuti
47%
Erytrea
47%
Gambia
47%
Mauritius
47%
Mozambik
47%
Seszele
47%
Sudan
47%
Wyspy Świętego Tomasza i Książęca
47%
Burundi
40%
Namibia
40%
Rwanda
40%
Sierra Leone
40%
Sahara Zachodnia
27%
Somaliland
27%
Majotta
20%
Reunion
20%
Madera
13%
Wyspy Kanaryjskie
13%
Ceuta
7%
Melilla
7%
Francuskie Terytoria Południowe i Antarktyczne
0%
Wyspa Świętej Heleny, Wyspa Wniebowstąpienia i Tristan da Cunha | Święta Helena
0%
Nie znaleziono quizów pasujących do podanych kryteriów
Rozkład punktacji
Procent ludzi z każdym wynikiem
Percentyl według liczby udzielonych odpowiedzi
Twoja historia wyników
Nie rozwiązałeś tego quizu